Návrh opatrení na elimináciu negatívnych dosahov krízy na stavebníctvo

Opatrenia prijaté na zmiernenie dosahov finančnej a hospodárskej krízy na odvetvie stavebníctva, nové opatrenie na elimináciu jej dosahov.

Enregistré dans:
Détails bibliographiques
Format: Chapitre de livre
Langue:slovaque
Sujets:
Tags: Ajouter un tag
Pas de tags, Soyez le premier à ajouter un tag!

MARC

LEADER 00000naa$a2200000$$$4500
001 0100906
005 20230927074114.2
041 0 |a slo 
044 |a SK 
245 1 0 |a Návrh opatrení na elimináciu negatívnych dosahov krízy na stavebníctvo 
520 |a Opatrenia prijaté na zmiernenie dosahov finančnej a hospodárskej krízy na odvetvie stavebníctva, nové opatrenie na elimináciu jej dosahov. 
610 2 0 |a kríza finančná 
610 2 0 |a kríza hospodárska 
610 2 0 |a stavebníctvo 
610 2 0 |a Slovensko 
610 2 0 |a opatrenia